Prehlbuje sa účinnosť kultúry Z rozšíreného plenárneho zasadnutia Stredoslovenského KV KSS

Bibliographic Details
Main Authors: (PMK) (Author), Kubiš, Pavol M., 1946-2016 (Author)
Format: Article
Language:Slovak
Subjects:

MARC

LEADER 00000nab a2200000 a 4500
001 vtls000032390
003 SK-MaSNL
005 20260305042218.0
008 111103c1979 xo 0 slo
015 |a SNBRB19rr/mm-uuuuu 
035 |a CL0042484 
040 |a SNKBUCL  |b slo  |c SNKBUCL  |e AACR2 
041 0 |a slo 
044 |a xo  |c SK 
080 |a 329.15(437.6)  |2 1981 
100 1 |a (PMK)  |4 aut  |9 903696 
245 1 0 |a Prehlbuje sa účinnosť kultúry  |b Z rozšíreného plenárneho zasadnutia Stredoslovenského KV KSS  |c (pmk) ; Pavol Mária Kubiš 
650 0 7 |a KSS KV  |2 snkbucl  |9 1003290 
651 7 |a 5300  |2 snkbucl  |9 279425 
651 7 |a 5301  |2 snkbucl  |9 893756 
651 7 |a Stredoslovenský kraj (Slovensko)  |2 snkbucl  |9 161135 
655 7 |a články z novín a časopisov  |2 snkbucl  |9 267496 
700 1 |a Kubiš, Pavol M.,  |d 1946-2016  |4 aut  |9 219205 
773 0 |t Smer  |g Roč. 31, č. 151 (29. 6. 1979), s. 2 
850 |a Slovenská národná knižnica v Martine  |a MTA001 
852 |a SNK  |b KIS3GCP 
958 |a RK 
992 |a RBX 
999 |c 3347439  |d 3349369